00380nam a2200181Ia 4500003000900000008004100009040001300050040001300063041000800076100002000084245003000104250000900134260002100143260000900164300000800173490000900181490000800190IT-RoPAU120407s9999 xx 000 0 und d aIT-RoPAU cIT-RoPAU aita aFranz Weyergans aMistici del nostro tempo. aRoma aEdizioni Paoline c1960 c cm aEcuo v142